|
|
|
|
| LEADER |
01301nam a2200337 a 4500 |
| 001 |
476 |
| 003 |
BD-DhAAL |
| 005 |
20150826115152.0 |
| 008 |
150826s1997 nyu i000 0 eng d |
| 020 |
|
|
|a 9211006449
|
| 040 |
|
|
|a FUG
|c FUG
|d BD-DhAAL
|
| 050 |
|
4 |
|a HD82
|b .A54521 1997
|
| 082 |
|
|
|a 337.506
|
| 245 |
0 |
0 |
|a Agenda for development.
|
| 260 |
|
|
|a New York :
|b United Nations, Department of Public Information,
|c 1997.
|
| 300 |
|
|
|a viii, 108 p. ;
|c 22 cm.
|
| 500 |
|
|
|a "UN Sales No. E.98.1.3"--T.p. verso.
|
| 541 |
|
|
|e 476
|
| 610 |
2 |
0 |
|a United Nations
|x Economic assistance.
|9 14113
|
| 610 |
2 |
0 |
|a United Nations
|x Technical assistance.
|9 14114
|
| 610 |
2 |
7 |
|a United Nations
|2 fast
|9 14115
|
| 650 |
|
0 |
|a Economic development
|x International cooperation.
|9 14116
|
| 650 |
|
0 |
|a Sustainable development.
|9 14117
|
| 650 |
|
7 |
|a Economic assistance
|2 fast
|9 14118
|
| 650 |
|
7 |
|a Economic development
|x International cooperation
|2 fast
|9 14119
|
| 650 |
|
7 |
|a Sustainable development
|2 fast
|9 14120
|
| 650 |
|
7 |
|a Technical assistance
|2 fast
|9 9883
|
| 710 |
2 |
|
|a United Nations.
|b Department of Public Information.
|9 14121
|
| 942 |
|
|
|2 ddc
|c BK
|
| 999 |
|
|
|c 35341
|d 35341
|
| 952 |
|
|
|0 0
|1 0
|2 ddc
|4 0
|6 337_506000000000000_AGE
|7 0
|9 55548
|a SCL
|b SCL
|c GEN
|d 2015-08-26
|g 125.00
|l 0
|o 337.506 AGE
|p 3020000476
|r 2015-08-26
|t 1
|w 2015-08-26
|y BK
|